[Event "7. Longericher Sommer-Open"]
[Site "?"]
[Date "2010.08.01"]
[Round "4.36"]
[White "Wickenfeld, Udo"]
[Black "Karwatzki, Hans-Jürgen"]
[Result "0-1"]
[WhiteElo "1301"]
[BlackElo "1609"]
[PlyCount "58"]
[EventDate "2010.??.??"]
[WhiteTeam "SK Recklinghausen Altsta"]
[BlackTeam "Vereinigung der SF Stadtverw. Bo"]

1. d4 Nf6 2. Nf3 d5 3. c4 e6 4. cxd5 exd5 5. Bg5 h6 6. Bh4 g5 7. Bg3 Bb4+ 8.
Nbd2 Nc6 9. e3 Bg4 10. Be2 Ne4 11. h3 Be6 12. O-O Qd7 13. Kh2 g4 14. hxg4 h5
15. Nxe4 dxe4 16. Ne5 hxg4+ 17. Kg1 Nxe5 18. Bxe5 Rh5 19. Bg3 f6 20. Qc2 Qh7
21. f3 gxf3 22. gxf3 Rg5 23. Kf2 Rxg3 24. Bb5+ Kf8 25. Rh1 (25. Kxg3 Qh3+)
25... Rxf3+ 26. Ke2 Rh3 27. Rxh3 Bxh3 28. Rg1 Qh5+ 29. Kf2 Qf3# 0-1

[Event "7. Longericher Sommer-Open"]
[Site "?"]
[Date "2010.08.01"]
[Round "4.37"]
[White "Romanova, Alena"]
[Black "Plitt, Stefan"]
[Result "0-1"]
[WhiteElo "1195"]
[BlackElo "1582"]
[PlyCount "120"]
[EventDate "2010.??.??"]
[WhiteTeam "SK Mannheim 1946 e.V."]
[BlackTeam "SF Köln-Mülheim e.V."]

1. e4 c5 2. Nf3 d6 3. d4 cxd4 4. Nxd4 Nf6 5. Nc3 a6 6. Be2 e6 7. Bg5 Be7 8.
Bxf6 Bxf6 9. O-O Nc6 10. Nxc6 bxc6 11. Qd3 Rb8 12. Rab1 Bb7 13. Bf3 h5 14. Rbd1
a5 15. Na4 Be7 16. Qd4 e5 17. Qd2 Ba6 18. Rfe1 Rb4 19. b3 g5 20. c3 Rb8 21. Nb2
g4 22. Be2 Bxe2 23. Rxe2 Qc7 24. Nc4 Rd8 25. b4 axb4 26. cxb4 d5 27. exd5 Rxd5
28. Qc2 Rxd1+ 29. Qxd1 f6 30. a3 Kf7 31. Qb3 Kg7 32. g3 Rd8 33. a4 Rb8 34. b5
Bc5 35. Rb2 cxb5 36. axb5 Ra8 37. b6 Ra1+ 38. Rb1 Rxb1+ 39. Qxb1 Qb8 40. b7 Ba7
41. Qb5 Qd8 42. Na5 Qd2 43. Qf1 Qxa5 44. Qb1 Qc7 45. Kg2 Bb6 46. Qe4 Qc5 47.
Qe2 Qd5+ 48. f3 Qxb7 49. Qe4 gxf3+ 50. Kxf3 Qxe4+ 51. Kxe4 Kg6 52. h3 f5+ 53.
Kxe5 Bc7+ 54. Kd4 Bxg3 55. Ke3 Kg5 56. Kf3 Kh4 57. Kg2 f4 58. Kh1 Kxh3 59. Kg1
f3 60. Kh1 h4 0-1

[Event "7. Longericher Sommer-Open"]
[Site "?"]
[Date "2010.08.01"]
[Round "4.38"]
[White "Margenberg, Volker"]
[Black "Oerder, Timon"]
[Result "1-0"]
[WhiteElo "1550"]
[BlackElo "1195"]
[PlyCount "33"]
[EventDate "2010.??.??"]
[WhiteTeam "SV Wiehl 1923 e.V."]
[BlackTeam "SV Fideler Bauer Lever"]

1. d4 Nf6 2. c4 g6 3. Nc3 Bg7 4. e4 d6 5. Nf3 O-O 6. Be2 e5 7. d5 a5 8. h3 Ne8
9. g4 f5 10. gxf5 gxf5 11. Bg5 Qd7 12. Qd2 Nf6 13. exf5 Qxf5 14. Nh4 Ne4 15.
Nxf5 Nxd2 16. Ne7+ Kf7 17. Bh5# 1-0

[Event "7. Longericher Sommer-Open"]
[Site "?"]
[Date "2010.08.01"]
[Round "4.39"]
[White "Sewald, Jörg"]
[Black "Engels, Immanuel"]
[Result "0-1"]
[WhiteElo "1525"]
[BlackElo "1239"]
[PlyCount "80"]
[EventDate "2010.??.??"]
[WhiteTeam "SK Köln-Worringen 1972"]
[BlackTeam "SVigung 1919 Königsspr"]

1. Nf3 Nf6 2. g3 d5 3. Bg2 Nc6 4. d3 e5 5. O-O Be6 6. Nbd2 Qd7 7. Ng5 Bg4 8. f3
Bc5+ 9. Kh1 Be6 10. Nxe6 Qxe6 11. Nb3 Bb6 12. e4 O-O-O 13. Qe2 d4 14. Rd1 h5
15. Qf1 Kb8 16. Bh3 Qe7 17. Bg5 Rdg8 18. a3 Qd6 19. Nd2 Nd7 20. Nc4 Qg6 21. Bd2
Rd8 22. Bf5 Qf6 23. h4 Qe7 24. Nxb6 axb6 25. b4 f6 26. a4 g5 27. Rdb1 Rdg8 28.
Kh2 Rg7 29. a5 b5 30. a6 b6 31. Rb3 Ka7 32. Qh3 gxh4 33. gxh4 Qd6 34. Be6 Re8
35. Bd5 Ree7 36. c4 dxc3 37. Bxc6 cxd2 38. Bxd7 Rxd7 39. Qf1 Qd4 40. Rd1 Qe3
0-1

[Event "7. Longericher Sommer-Open"]
[Site "?"]
[Date "2010.08.01"]
[Round "4.40"]
[White "Lucaßen, Mickey"]
[Black "Wilde, Christian"]
[Result "1-0"]
[WhiteElo "1832"]
[BlackElo "1001"]
[PlyCount "35"]
[EventDate "2010.??.??"]
[WhiteTeam "SV Wesel 1928 e.V."]
[BlackTeam "SF Köln-Longerich 195"]

1. Nf3 e6 2. d4 d5 3. c4 Nf6 4. Nc3 Be7 5. cxd5 exd5 6. Bg5 O-O 7. Qc2 Nfd7 8.
Bxe7 Qxe7 9. Nxd5 Qd6 10. Nxc7 Qc6 11. Qxc6 bxc6 12. Nxa8 Na6 13. e3 Bb7 14.
Bxa6 Bxa8 15. b4 Rb8 16. a3 Rb6 17. Bd3 a5 18. O-O 1-0

[Event "7. Longericher Sommer-Open"]
[Site "?"]
[Date "2010.08.01"]
[Round "4.42"]
[White "Tychev, Daniel"]
[Black "Havenith, Julia"]
[Result "1-0"]
[WhiteElo "883"]
[BlackElo "1082"]
[PlyCount "159"]
[EventDate "2010.??.??"]
[WhiteTeam "SK Mannheim 1946 e.V."]
[BlackTeam "SV Würselen 1926 e.V."]

1. e4 e5 2. Nf3 Nc6 3. Bc4 Nf6 4. Ng5 d5 5. exd5 Na5 6. Bb3 h6 7. Nf3 e4 8. Nd4
Nxd5 9. Nc3 Nxc3 10. bxc3 Bc5 11. Bb2 O-O 12. O-O Bg4 13. Qxg4 Re8 14. Nf5 Qg5
15. Qxg5 hxg5 16. c4 f6 17. Rfe1 Rad8 18. Bc3 Nc6 19. Rad1 Re6 20. d3 Rde8 21.
dxe4 Rxe4 22. Rxe4 Rxe4 23. Re1 Rf4 24. Ne3 Ne7 25. Bd2 Nf5 26. Nd1 Rg4 27. h3
Rd4 28. Be3 Re4 29. g4 Nh4 30. Re2 Nf3+ 31. Kg2 Nd4 32. Re1 a5 33. c3 Nxb3 34.
axb3 g6 35. f3 Re5 36. Kf2 Ba3 37. Bd4 Rxe1 38. Kxe1 Kf7 39. Ke2 Ke6 40. Kd3 f5
41. Ne3 Bc1 42. gxf5+ gxf5 43. Nd5 c6 44. Nc7+ Kf7 45. Bb6 Kg6 46. Ke2 Kh5 47.
Kf2 Kh4 48. Kg2 Bf4 49. Bf2+ Kh5 50. Ne6 Be5 51. Bd4 Bd6 52. Ng7+ Kg6 53. Ne8
Bf4 54. c5 Kh5 55. Nd6 g4 56. hxg4+ fxg4 57. fxg4+ Kxg4 58. Nxb7 Kf5 59. Nxa5
Ke6 60. c4 Kd7 61. b4 Bd2 62. b5 Bxa5 63. Kf2 Bb4 64. Ke3 Kc7 65. Ke4 Kd7 66.
Ke5 Be1 67. Kf6 Bh4+ 68. Kf5 Bg3 69. Be5 Bf2 70. b6 Bxc5 71. b7 Ba7 72. b8=Q
Bxb8 73. Bxb8 Kc8 74. Be5 Kb7 75. Ke6 Kb6 76. Bd6 Kb7 77. Kd7 Kb6 78. c5+ Kb7
79. Be5 Ka7 80. Kxc6 1-0

[Event "7. Longericher Sommer-Open"]
[Site "?"]
[Date "2010.08.01"]
[Round "5.1"]
[White "Täger, Torsten"]
[Black "Mladenov, Svetlin"]
[Result "0-1"]
[WhiteElo "1984"]
[BlackElo "2422"]
[PlyCount "64"]
[EventDate "2010.??.??"]
[WhiteTeam "SV Lahn Limburg"]
[BlackTeam "SV Wattenscheid 1930"]

1. e4 c5 2. Nc3 a6 3. f4 b5 4. Nf3 Bb7 5. d3 e6 6. e5 Nc6 7. Be3 Qb6 8. a3 Nge7
9. Ne4 Nf5 10. Bf2 Ncd4 11. c3 Nxf3+ 12. Qxf3 Qc7 13. Qe2 d5 14. Ng3 Be7 15.
Nxf5 exf5 16. d4 b4 17. Qc2 bxa3 18. dxc5 axb2 19. Qxb2 O-O 20. Qb6 Qd7 21. Bd4
Rab8 22. Bd3 Bc6 23. Qa5 Bb5 24. Kd2 Bxd3 25. Kxd3 Rb5 26. Qa3 Qc6 27. Rhb1
Bxc5 28. Qa4 Bxd4 29. Rxb5 Qxc3+ 30. Ke2 Qe3+ 31. Kd1 Qd3+ 32. Ke1 Bxa1 0-1

[Event "7. Longericher Sommer-Open"]
[Site "?"]
[Date "2010.08.01"]
[Round "5.2"]
[White "Losekoot, Pascal"]
[Black "Rotstein, Jefim"]
[Result "0-1"]
[WhiteElo "2047"]
[BlackElo "2210"]
[PlyCount "60"]
[EventDate "2010.??.??"]
[WhiteTeam "BSV(Baarn, Niederlande)"]
[BlackTeam "Ford-SF Köln e.V."]

1. d4 Nf6 2. Nf3 c5 3. d5 b5 4. c4 Bb7 5. Qc2 bxc4 6. e4 e6 7. dxe6 fxe6 8. e5
Bxf3 9. gxf3 Nd5 10. Bxc4 Nc6 11. Qe4 Qb8 12. f4 Nd4 13. Bxd5 exd5 14. Qxd5
Nc2+ 15. Kd1 Nxa1 16. Bd2 (16. e6 Qd6) 16... a5 17. e6 dxe6 18. Re1 Ra6 19. f5
Be7 20. Qc4 Qb7 21. Rxe6 Rxe6 22. Qxe6 Qd7 23. Nc3 Rf8 24. Qxd7+ Kxd7 25. Kc1
Rxf5 26. Ne4 Rh5 27. Bxa5 Rxh2 28. Bc3 h5 29. Bxg7 h4 30. Kd2 Rg2 0-1

[Event "7. Longericher Sommer-Open"]
[Site "?"]
[Date "2010.08.01"]
[Round "5.3"]
[White "Pick, Stefan"]
[Black "Weißhuhn, Gunnar"]
[Result "1/2-1/2"]
[WhiteElo "2066"]
[BlackElo "1824"]
[PlyCount "29"]
[EventDate "2010.??.??"]
[WhiteTeam "SK Kerpen 64 e.V."]
[BlackTeam "SK Turm Euskirchen 65"]

1. d4 Nf6 2. Nf3 c5 3. e3 e6 4. c3 Nc6 5. Bd3 d5 6. Nbd2 Qc7 7. Qe2 Be7 8. dxc5
Bxc5 9. e4 Bd7 10. O-O O-O-O 11. b4 Bd6 12. Re1 Ng4 13. Nf1 h5 14. Be3 Kb8 15.
a4 1/2-1/2

[Event "7. Longericher Sommer-Open"]
[Site "?"]
[Date "2010.08.01"]
[Round "5.4"]
[White "Freundlieb, Thomas"]
[Black "Khanukov, Boris"]
[Result "1/2-1/2"]
[WhiteElo "1975"]
[BlackElo "2258"]
[PlyCount "65"]
[EventDate "2010.??.??"]
[WhiteTeam "SV Bergneustadt/Dersch"]
[BlackTeam "Stift. Bahn-Sozialwerk Schachgr."]

1. d4 {[%emt 0:00:00]} d5 {[%emt 0:00:00]} 2. Nf3 Nf6 3. e3 e6 4. Bd3 c5 5. c3
Nbd7 6. Nbd2 Be7 7. O-O O-O 8. Ne5 Nxe5 9. dxe5 Nd7 10. f4 b6 11. Bxh7+ Kxh7
12. Qh5+ Kg8 13. Rf3 f5 14. Rh3 Nf6 15. exf6 Bxf6 16. Nf3 Qe8 17. Qh7+ Kf7 18.
Ne5+ Bxe5 19. fxe5 Bb7 20. Rg3 Rg8 21. e4 dxe4 22. Bh6 Qf8 23. Qg6+ Ke7 24.
Bxg7 (24. Rd1 gxh6 25. Qh7+) 24... Qe8 25. Bf6+ Kd7 26. Rd1+ (26. Qh7+ Kc6 27.
Rxg8 Qxg8 28. Qe7) 26... Kc6 27. Rd6+ Kb5 28. c4+ Kxc4 29. Rc3+ Kb5 30. Rb3+
Ka6 31. Ra3+ (31. Qh6 e3 32. Ra3+ Kb5 33. g3) 31... Kb5 32. Rb3+ Ka6 33. Ra3+
1/2-1/2

[Event "7. Longericher Sommer-Open"]
[Site "?"]
[Date "2010.08.01"]
[Round "5.5"]
[White "Bergner, Philipp"]
[Black "Bub, Volker"]
[Result "0-1"]
[WhiteElo "1930"]
[BlackElo "2060"]
[PlyCount "219"]
[EventDate "2010.??.??"]
[WhiteTeam "Mönchfelder SV 1967"]
[BlackTeam "SC Tornado 86 Hochneukirch"]

1. d4 Nf6 2. c4 g6 3. Nf3 Bg7 4. Nc3 c5 5. d5 d6 6. g3 O-O 7. Bg2 e6 8. O-O
exd5 9. cxd5 Re8 10. Re1 a6 11. a4 Nbd7 12. e4 Ne5 13. Nxe5 Rxe5 14. Bf4 Re8
15. a5 Ng4 16. Na4 Bd4 17. Re2 g5 18. Bd2 Qf6 19. Be1 Qh6 20. h3 Ne5 21. g4 Ng6
22. Nb6 Rb8 23. Nxc8 Rbxc8 24. Bc3 Nf4 25. Re1 Be5 26. Bxe5 Rxe5 27. Qb3 Rc7
28. Qg3 Rce7 29. Re3 Qf6 30. Rae1 Re8 31. Bf1 Qd8 32. h4 h6 33. hxg5 hxg5 34.
Ra1 Kg7 35. f3 Qf6 36. Rb3 R5e7 37. Qf2 Rh8 38. Bg2 Qe5 39. Qd2 Kg6 (39... Nxg2
40. Qxg2 Qd4+ 41. Kf1 Qc4+) 40. Re1 f6 41. Qc3 Qxc3 42. Rxc3 Reh7 43. Rc2 Rh2
44. Re3 R2h7 45. Rb3 Rc7 46. Rb6 Rd8 47. Bf1 Rdd7 48. Kf2 Kf7 49. Ke3 Ng6 50.
Rb3 Re7 51. Rh2 Kg7 52. Rd2 Ne5 53. Rc2 Kg6 54. Rbc3 Rh7 55. b4 Nd7 56. f4
gxf4+ 57. Kxf4 Rh1 58. Bg2 Rb1 59. bxc5 Rxc5 60. Rxc5 Nxc5 61. Bf3 Ra1 62. Rg2
Nd3+ 63. Ke3 Ne5 64. Kf4 Rxa5 65. g5 Nxf3 66. gxf6+ Kxf6 67. Kxf3 Ra3+ 68. Kf4
Ra1 69. Rg8 b5 70. Rb8 Rf1+ 71. Ke3 Ra1 72. Kd4 Ra4+ 73. Kd3 b4 74. Kc4 a5 75.
Kb3 Ra3+ 76. Kb2 Ke5 77. Re8+ Kd4 78. e5 Kxd5 79. exd6 Kxd6 80. Re4 Rd3 81. Rh4
Kc5 82. Rh5+ Rd5 83. Rh4 a4 84. Rh8 Kc4 85. Rc8+ Rc5 86. Rh8 a3+ 87. Ka2 Rd5
88. Rc8+ Kb5 89. Rb8+ Ka4 90. Ra8+ Ra5 91. Rb8 Ra7 92. Rh8 b3+ 93. Kb1 Rd7 94.
Rh4+ Kb5 95. Rh5+ Kc4 96. Rh1 a2+ 97. Ka1 Kc3 98. Rc1+ Kd2 99. Rh1 Re7 100. Kb2
Re1 101. Rh2+ Re2 102. Rh1 Re1 103. Rh2+ Kd3 104. Rh3+ Kc4 105. Rc3+ Kd4 106.
Kxb3 a1=Q 107. Rc4+ Kd5 108. Ra4 Rb1+ 109. Kc2 Qxa4+ 110. Kxb1 0-1

[Event "7. Longericher Sommer-Open"]
[Site "?"]
[Date "2010.08.01"]
[Round "5.6"]
[White "Schülke, Tilman"]
[Black "Speck, Stefan"]
[Result "0-1"]
[WhiteElo "1995"]
[BlackElo "1895"]
[PlyCount "130"]
[EventDate "2010.??.??"]
[WhiteTeam "Düsseldorfer SV 1854"]
[BlackTeam "SC Solingen 1928 e.V."]

1. g3 g6 2. Bg2 Bg7 3. d4 d5 4. Nf3 c6 5. a4 Bg4 6. O-O Bxf3 7. Bxf3 Nf6 8. c4
e6 9. Na3 O-O 10. Qd3 a5 11. Nc2 Re8 12. Bf4 Na6 13. Qb3 Ra7 14. Rfd1 Bf8 15.
Bg2 Nb4 16. Nxb4 Bxb4 17. Bg5 Be7 18. f3 Nd7 19. Bf4 Bg5 20. Bxg5 Qxg5 21. e4
dxe4 22. f4 Qd8 23. Bxe4 Qb6 24. Rd3 Ra6 25. Kg2 Qc7 26. Qa3 Rb6 27. Rb3 Rxb3
28. Qxb3 Qb6 29. Qxb6 Nxb6 30. b3 Rd8 31. Rd1 Kf8 32. Kf2 Na8 33. Ke3 Nc7 34.
Kd3 Na6 35. Kc3 Nb4 36. Rd2 Ke7 37. h3 h6 38. g4 f5 39. gxf5 gxf5 40. Bf3 Rg8
41. Re2 Rg3 42. Re3 Rxh3 43. Kd2 Rh2+ 44. Kd1 Kf6 45. Be2 h5 46. Re5 Rf2 47.
Kd2 Rxf4 48. Rxa5 Na6 49. Bxh5 Rxd4+ 50. Kc3 Rh4 51. Be2 Rh3+ 52. Kc2 f4 53.
Bg4 Rg3 54. Bd1 e5 55. Kd2 Rg2+ 56. Ke1 Kf5 57. Kf1 Rb2 58. Ke1 Ke4 59. Kf1 Rb1
60. Ke2 Rb2+ 61. Ke1 Kd4 62. Kf1 Rb1 63. Ke1 e4 64. Rf5 Ke3 65. Rf7 Nc5 0-1

[Event "7. Longericher Sommer-Open"]
[Site "?"]
[Date "2010.08.01"]
[Round "5.7"]
[White "Wulfken, Christof"]
[Black "Lambertz, Michael"]
[Result "1-0"]
[WhiteElo "1898"]
[BlackElo "1982"]
[PlyCount "145"]
[EventDate "2010.??.??"]
[WhiteTeam "SF Schlebusch"]
[BlackTeam "SF Esch e.V."]

1. d4 Nf6 2. Nf3 d5 3. c4 e6 4. Bg5 c6 5. Nc3 Nbd7 6. cxd5 exd5 7. a3 Bd6 8.
Rc1 Qb6 9. Na4 Qa5+ 10. b4 Qd8 11. Qb3 O-O 12. e3 Re8 13. Bd3 Nf8 14. O-O h6
15. Bh4 Bg4 16. Nd2 Bh5 17. Nc5 Bxh2+ 18. Kh1 (18. Kxh2 Ng4+ 19. Kh3) 18... g5
19. Nxb7 Qc7 20. Na5 gxh4 21. Rxc6 Qd8 22. Kxh2 Rc8 23. Rfc1 Rxc6 24. Rxc6 Re6
25. Qc2 Ng4+ 26. Kg1 Qf6 27. Nf3 h3 28. Bf5 hxg2 29. Kxg2 Qg7 30. Kf1 Nxe3+ 31.
fxe3 Rxc6 32. Nxc6 Bxf3 33. Qf2 Bh5 34. Qg2 Bg6 35. Ne7+ Kh7 36. Bxg6+ fxg6 37.
Nxd5 Qf7+ 38. Ke2 Qf5 39. e4 Qh5+ 40. Kd2 Qh4 41. Qf3 Kg7 42. Qf4 Qxf4+ 43.
Nxf4 g5 44. Ng2 h5 45. Ke3 Kf6 46. Kf3 Ne6 47. e5+ Kg6 48. d5 Nd4+ 49. Ke4 h4
50. Ne3 h3 51. Nf1 Nb3 52. Ng3 Nd2+ 53. Ke3 Nc4+ 54. Kd4 Nd2 55. d6 Kf7 56. Kd5
h2 57. e6+ Ke8 58. Kc6 Ne4 59. d7+ Kd8 60. Nh1 Nf6 61. Kd6 Ne4+ 62. Ke5 Nc3 63.
Kf5 Ke7 64. Kxg5 Ne4+ 65. Kf5 Nd6+ 66. Ke5 Nc4+ 67. Kd5 Nd2 68. Kc6 Kd8 69. Kb7
Nc4 70. Kxa7 Nxa3 71. Kb6 Nc4+ 72. Kc5 Ne5 73. Kd5 1-0

[Event "7. Longericher Sommer-Open"]
[Site "?"]
[Date "2010.08.01"]
[Round "5.8"]
[White "Begri, Robert"]
[Black "Gutt, Oswald"]
[Result "0-1"]
[WhiteElo "1982"]
[BlackElo "1891"]
[PlyCount "58"]
[EventDate "2010.??.??"]
[WhiteTeam "Tischtennisclub Grün-Weiß Fritzd"]
[BlackTeam "Bergische SF 1923 Ber"]

1. e4 e5 2. Nf3 Nc6 3. Bc4 Nf6 4. Ng5 d5 5. exd5 Na5 6. Bb5+ c6 7. dxc6 bxc6 8.
Bd3 Bc5 9. Nc3 Bxf2+ 10. Kxf2 Ng4+ 11. Kf1 Qxg5 12. Ne4 Qh6 13. Kg1 f5 14. Be2
Ne3 15. dxe3 fxe4 16. Bh5+ g6 17. Be2 O-O 18. b4 Nb7 19. Bc4+ Kg7 20. h3 Qh4
21. Bb2 Qf2+ 22. Kh2 Rf3 23. Bxe5+ Kh6 24. Qxf3 exf3 25. Rhg1 Qxc2 26. Rac1 Qf5
27. Bf4+ g5 28. g4 Qf6 29. h4 Qb2+ 0-1

[Event "7. Longericher Sommer-Open"]
[Site "?"]
[Date "2010.08.01"]
[Round "5.9"]
[White "Kiese, Matthias"]
[Black "Stadtfeld, Martin"]
[Result "1-0"]
[WhiteElo "2194"]
[BlackElo "1593"]
[PlyCount "87"]
[EventDate "2010.??.??"]
[WhiteTeam "SGEM Waldshut-Tiengen"]
[BlackTeam "SC Jünkerath"]

1. d4 c5 2. d5 Nf6 3. Nc3 d6 4. e4 g6 5. Nf3 Bg7 6. Be2 O-O 7. O-O Nbd7 8. h3
a6 9. a4 b6 10. Bf4 Bb7 11. Re1 Qc7 12. Bf1 Rfd8 13. Bh2 Rac8 14. Nd2 e6 15.
dxe6 fxe6 16. Bc4 Nf8 17. Qe2 Qd7 18. Bxa6 Bxa6 19. Qxa6 Qc6 20. Qb5 d5 21.
exd5 exd5 22. Qxc6 Rxc6 23. Nb5 Rd7 24. Rad1 d4 25. Nc4 Nd5 26. Ne5 Bxe5 27.
Bxe5 Nb4 28. c3 Nc2 29. Re4 d3 30. c4 Re6 31. f3 Nb4 32. Bc3 Rxe4 33. fxe4 Nc2
34. b3 Ne6 35. Be5 Nb4 36. Nc3 Nd4 37. Bxd4 Rxd4 38. Rd2 Kf7 39. Kf2 Ke6 40.
Nd5 Nc6 41. Nf4+ Ke5 42. Kf3 Rxe4 43. Nxd3+ Kf5 44. g4+ 1-0

[Event "7. Longericher Sommer-Open"]
[Site "?"]
[Date "2010.08.01"]
[Round "5.10"]
[White "Eulering, Georg"]
[Black "de Vivie, Achim"]
[Result "1-0"]
[WhiteElo "2079"]
[BlackElo "1767"]
[PlyCount "81"]
[EventDate "2010.??.??"]
[WhiteTeam "SF Schlebusch"]
[BlackTeam "SF Köln-Longerich 195"]

1. e4 e5 2. Nf3 Nf6 3. Nxe5 d6 4. Nxf7 Kxf7 5. d4 c6 6. Bd3 Be7 7. O-O Bg4 8.
f3 Bh5 9. g4 Bg6 10. Nc3 Rf8 11. g5 Nfd7 12. Bc4+ Ke8 13. f4 Nb6 14. Bd3 Na6
15. a3 c5 16. Bb5+ Nd7 17. d5 Nc7 18. Bd3 a6 19. a4 Nb6 20. a5 Nd7 21. h4 b5
22. axb6 Nxb6 23. b3 Qd7 24. f5 Bf7 25. Qe2 Qc8 26. Bb2 Nd7 27. Na4 Rb8 28.
Bxg7 Rg8 29. Bc3 Nb5 30. Bb2 Ne5 31. Bxe5 dxe5 32. Qh2 Bd6 33. Nb2 h6 34. Qg3
hxg5 35. hxg5 Qd8 36. f6 c4 37. Nxc4 Bc5+ 38. Kg2 Bd4 39. Rxa6 Bxd5 40. exd5
Qxd5+ 41. Rf3 1-0

[Event "7. Longericher Sommer-Open"]
[Site "?"]
[Date "2010.08.01"]
[Round "5.12"]
[White "Viganske, Christian"]
[Black "Dickmann, Thomas"]
[Result "1/2-1/2"]
[WhiteElo "1911"]
[BlackElo "1993"]
[PlyCount "43"]
[EventDate "2010.??.??"]
[WhiteTeam "SK Turm Euskirchen 65"]
[BlackTeam "SV Wesel 1928 e.V."]

1. e4 c5 2. c3 Nf6 3. e5 Nd5 4. Nf3 Nc6 5. Bc4 Nb6 6. Bb5 e6 7. O-O Be7 8. d4
cxd4 9. cxd4 Nd5 10. Nc3 Nxc3 11. bxc3 d6 12. Bf4 O-O 13. Re1 dxe5 14. Nxe5
Nxe5 15. Bxe5 Bd6 16. Qg4 f6 17. Bxd6 Qxd6 18. Bc4 f5 19. Qh5 Bd7 20. Re5 Rac8
21. Qe2 Qc7 22. Rc5 1/2-1/2

[Event "7. Longericher Sommer-Open"]
[Site "?"]
[Date "2010.08.01"]
[Round "5.13"]
[White "Holzem, Christopher"]
[Black "Dijkhuis, Tycho"]
[Result "1/2-1/2"]
[WhiteElo "1972"]
[BlackElo "1697"]
[PlyCount "22"]
[EventDate "2010.??.??"]
[WhiteTeam "Turnerschaft Bergisch-Gladbach 1"]
[BlackTeam "Moira Domtoren(Utrecht, Niederl"]

1. e4 c5 2. c3 g6 3. d4 cxd4 4. cxd4 d5 5. exd5 Nf6 6. Nc3 Nxd5 7. Bc4 Nxc3 8.
bxc3 Bg7 9. Qf3 O-O 10. Ne2 Nc6 11. O-O Bd7 1/2-1/2

[Event "7. Longericher Sommer-Open"]
[Site "?"]
[Date "2010.08.01"]
[Round "5.14"]
[White "Spradley, Julian"]
[Black "Fichtner, Ewald"]
[Result "0-1"]
[WhiteElo "1753"]
[BlackElo "1969"]
[PlyCount "102"]
[EventDate "2010.??.??"]
[WhiteTeam "SV Erftstadt e.V."]
[BlackTeam "SG Solingen e.V."]

1. e4 c6 2. d4 d5 3. e5 Bf5 4. g4 Be4 5. f3 Bg6 6. Ne2 e6 7. Ng3 h5 8. Bd3 Bxd3
9. Qxd3 h4 10. Ne2 Qa5+ 11. c3 Qa6 12. Qxa6 Nxa6 13. h3 c5 14. a3 Ne7 15. f4
Nc8 16. Be3 Nb6 17. Nd2 Rc8 18. Rc1 cxd4 19. Bxd4 Nc5 20. O-O g6 21. Rf3 Be7
22. Rcf1 Kd7 23. Nc1 a6 24. b4 Nca4 25. Ncb3 Nc4 26. Nxc4 Rxc4 27. Rc1 Rhc8 28.
Kf1 b6 29. Ke2 R4c6 30. Kd2 Nb2 31. Ra1 Nc4+ 32. Kd3 Bf8 33. Nd2 Nb2+ 34. Kc2
Na4 35. Kb3 b5 36. g5 Be7 37. Rg1 Bd8 38. Nb1 Bb6 39. Bxb6 Nxb6 40. Re1 Ke7 41.
Ree3 Na4 42. Rd3 Rc4 43. Rd4 Nb6 44. Rxc4 Nxc4 45. Rd3 Ra8 46. Rd4 a5 47. Rd3
Kd7 48. Kc2 axb4 49. cxb4 Kc6 50. Rb3 d4 51. Kd3 Kd5 0-1

[Event "7. Longericher Sommer-Open"]
[Site "?"]
[Date "2010.08.01"]
[Round "5.15"]
[White "Arlt, Klaus"]
[Black "Herms, Stefan"]
[Result "1-0"]
[WhiteElo "1950"]
[BlackElo "1671"]
[PlyCount "35"]
[EventDate "2010.??.??"]
[WhiteTeam "SF Köln-Mülheim e.V."]
[BlackTeam "SC Erkrath 1973"]

1. c4 b6 2. Nc3 Bb7 3. e4 e5 4. d3 Be7 5. Be2 Nf6 6. f4 Nc6 7. Nf3 d6 8. O-O
Qd7 9. Nd5 a5 10. b3 Nb4 11. fxe5 Nfxd5 12. cxd5 dxe5 13. Nxe5 Bc5+ 14. d4 Qe7
15. Rxf7 Qh4 16. dxc5 Qxe4 17. Bg5 c6 18. dxc6 1-0

[Event "7. Longericher Sommer-Open"]
[Site "?"]
[Date "2010.08.01"]
[Round "5.16"]
[White "Rameker, Robert"]
[Black "Hirth, Ulrich"]
[Result "0-1"]
[WhiteElo "1471"]
[BlackElo "1943"]
[PlyCount "68"]
[EventDate "2010.??.??"]
[WhiteTeam "TUS 08 Rheinberg e.V."]
[BlackTeam "SV Schwarz-Weiß Oberha"]

1. d4 Nf6 2. c4 e6 3. Nc3 Bb4 4. Bg5 h6 5. Bh4 c5 6. e3 Bxc3+ 7. bxc3 d6 8. Bd3
O-O 9. Ne2 Nc6 10. O-O b6 11. Bxf6 Qxf6 12. Be4 Bb7 13. Bxc6 Bxc6 14. d5 Bd7
15. Qd2 e5 16. e4 Qe7 17. Ng3 Bc8 18. a4 Rb8 19. Rfb1 Ba6 20. Qa2 g6 21. f3 h5
22. a5 bxa5 23. Rxb8 Rxb8 24. Qxa5 Bxc4 25. Qxa7 Qxa7 26. Rxa7 h4 27. Ra4 hxg3
28. hxg3 Bb5 29. Ra7 Kf8 30. Kf2 Be8 31. Ke3 Rb2 32. Ra6 Ke7 33. Ra7+ Bd7 34.
f4 f6 0-1

[Event "7. Longericher Sommer-Open"]
[Site "?"]
[Date "2010.08.01"]
[Round "5.17"]
[White "Häussler, Daniel"]
[Black "Knütter, Helmut"]
[Result "1-0"]
[WhiteElo "1939"]
[BlackElo "1593"]
[PlyCount "103"]
[EventDate "2010.??.??"]
[WhiteTeam "SC Ostfildern 1952 e.V."]
[BlackTeam "SK Sülz-Klettenberg"]

1. d4 Nf6 2. c4 e6 3. g3 Bb4+ 4. Bd2 Qe7 5. Bg2 Bxd2+ 6. Nxd2 O-O 7. Ngf3 d6 8.
O-O Nbd7 9. Qc2 e5 10. e3 Re8 11. b4 exd4 12. exd4 Nf8 13. Rfe1 Qd8 14. Rxe8
Nxe8 15. Re1 Nf6 16. d5 a6 17. Nd4 Bg4 18. h3 Bh5 19. f4 Ng6 20. Qf5 Ne7 21.
Qd3 Qd7 22. g4 Nxg4 23. hxg4 Bxg4 24. Qg3 Ng6 25. Nf1 h5 26. Ne3 Re8 27. Rf1
Qa4 28. Nxg4 hxg4 29. Qb3 Qd7 30. c5 dxc5 31. bxc5 Qe7 32. Qc3 Qf6 33. Qd2 Nh4
34. Nc2 Nf5 35. Re1 Rb8 36. Ne3 Nh6 37. Nf1 g6 38. d6 cxd6 39. Qxd6 Qxd6 40.
cxd6 Rd8 41. Rd1 Rd7 42. Bxb7 Nf5 43. Bxa6 Rxd6 44. Rxd6 Nxd6 45. Bd3 Nc8 46.
a4 Na7 47. Kf2 Kg7 48. Ke3 f5 49. Kd4 Kf6 50. Ng3 g5 51. fxg5+ Kxg5 52. Nxf5
1-0

[Event "7. Longericher Sommer-Open"]
[Site "?"]
[Date "2010.08.01"]
[Round "5.18"]
[White "Fassbender, Leopold"]
[Black "König, Dirk Norbert"]
[Result "0-1"]
[WhiteElo "1716"]
[BlackElo "2125"]
[PlyCount "92"]
[EventDate "2010.??.??"]
[WhiteTeam "SF Köln-Müngersdorf 1935"]
[BlackTeam "SVigung 1920 Plettenbe"]

1. d4 f5 2. g3 Nf6 3. Bg2 g6 4. c3 d6 5. Nf3 Nc6 6. a4 a5 7. Na3 Bg7 8. O-O O-O
9. Nc4 Be6 10. b3 h6 11. Bd2 Qe8 12. e3 Qf7 13. Qe2 Ne4 14. Rfb1 Rab8 15. Ne1
Bxc4 16. bxc4 Nxd2 17. Qxd2 Qxc4 18. Rb5 Qf7 19. Rab1 Nd8 20. Bxb7 Nxb7 21.
Rxb7 Rxb7 22. Rxb7 Qc4 23. Qc2 Kf7 24. Rb5 Ra8 25. Nd3 c6 26. Rb7 c5 27. Nb2
Qd5 28. Qb3 Qxb3 29. Rxb3 cxd4 30. cxd4 Rc8 31. Rb5 e5 32. dxe5 Bxe5 33. Nd3
Bc3 34. Rb3 Rc4 35. Ra3 g5 36. h3 Ke6 37. Ra2 Bb4 38. Kg2 Kd5 39. Kf3 Rc3 40.
Nxb4+ axb4 41. a5 Ra3 42. Rd2+ Kc4 43. Rxd6 b3 44. a6 b2 45. Rc6+ Kb5 46. Rc8
Rxa6 0-1

[Event "7. Longericher Sommer-Open"]
[Site "?"]
[Date "2010.08.01"]
[Round "5.20"]
[White "Havenith, Michael"]
[Black "Wolfradt, Dirk"]
[Result "1/2-1/2"]
[WhiteElo "1692"]
[BlackElo "2069"]
[PlyCount "22"]
[EventDate "2010.??.??"]
[WhiteTeam "SV Würselen 1926 e.V."]
[BlackTeam "SVigung 1919 Königsspr"]

1. c4 d5 2. cxd5 Nf6 3. Nc3 Nxd5 4. e4 Nxc3 5. bxc3 e5 6. Nf3 Nc6 7. Bb5 Bd6 8.
O-O O-O 9. d4 Bg4 10. Bxc6 bxc6 11. Qd3 f6 1/2-1/2